[Event "Grand Swiss "]
[Date "2025.09.05"]
[White "Woodward, Andy"]
[Black "Grandelius, Nils"]
[WhiteElo "2557"]
[BlackElo "2648"]
[Round "2.2.44"]
[Result "1/2-1/2"]

1. d4 {[%clk 01:40:56] [%emt 00:00:02]} Nf6 {[%clk 01:40:16] [%emt 00:00:44]} 2.
c4 {[%clk 01:41:12] [%emt 00:00:15]} e6 {[%clk 01:40:24] [%emt 00:00:22]} 3. g3
{[%clk 01:41:30] [%emt 00:00:13]} d5 {[%clk 01:39:41] [%emt 00:01:13]} 4. Bg2
{[%clk 01:41:27] [%emt 00:00:32]} Bd6 {[%clk 01:39:23] [%emt 00:00:49]} 5. Nf3
{[%clk 01:41:31] [%emt 00:00:26]} c6 {[%clk 01:39:22] [%emt 00:00:31]} 6. O-O
{[%clk 01:41:33] [%emt 00:00:27]} O-O {[%clk 01:39:24] [%emt 00:00:28]} 7. Nc3
{[%clk 01:41:42] [%emt 00:00:21]} Nbd7 {[%clk 01:39:17] [%emt 00:00:37]} 8. Nd2
{[%clk 01:41:51] [%emt 00:00:20]} Be7 {[%clk 01:39:05] [%emt 00:00:42]} 9. Qb3
{[%clk 01:42:02] [%emt 00:00:20]} a5 {[%clk 01:27:35] [%emt 00:12:01]} 10. Rd1
{[%clk 01:42:07] [%emt 00:00:24]} b5 {[%clk 01:21:42] [%emt 00:06:24]} 11. cxb5
{[%clk 01:37:21] [%emt 00:05:16]} a4 {[%clk 01:19:25] [%emt 00:02:47]} 12. Qc2
{[%clk 01:36:18] [%emt 00:01:33]} cxb5 {[%clk 01:17:17] [%emt 00:02:38]} 13.
Nxb5 {[%clk 01:35:03] [%emt 00:01:45]} Qa5 {[%clk 01:06:13] [%emt 00:11:34]} 14.
Nc3 {[%clk 01:34:16] [%emt 00:01:18]} Bb7 {[%clk 01:04:32] [%emt 00:02:10]} 15.
e4 {[%clk 01:19:44] [%emt 00:15:02]} Rfc8 {[%clk 01:03:08] [%emt 00:01:54]} 16.
e5 {[%clk 01:13:05] [%emt 00:07:09]} Ne8 {[%clk 01:03:01] [%emt 00:00:36]} 17.
a3 {[%clk 01:11:08] [%emt 00:02:28]} Nb6 {[%clk 00:51:09] [%emt 00:12:21]} 18.
Nf3 {[%clk 01:05:23] [%emt 00:06:15]} Nc4 {[%clk 00:51:21] [%emt 00:00:17]} 19.
Ng5 {[%clk 00:58:49] [%emt 00:07:04]} g6 {[%clk 00:43:31] [%emt 00:08:20]} 20.
h4 {[%clk 00:49:53] [%emt 00:09:26]} Ng7 {[%clk 00:26:33] [%emt 00:17:28]} 21.
Qd3 {[%clk 00:41:55] [%emt 00:08:28]} Bc6 {[%clk 00:25:20] [%emt 00:01:43]} 22.
g4 {[%clk 00:27:35] [%emt 00:14:51]} Rab8 {[%clk 00:23:21] [%emt 00:02:30]} 23.
Qh3 {[%clk 00:24:54] [%emt 00:03:11]} Qd8 {[%clk 00:19:36] [%emt 00:04:14]} 24.
Ra2 {[%clk 00:21:37] [%emt 00:03:47]} Rb3 {[%clk 00:18:28] [%emt 00:01:38]} 25.
f4 {[%clk 00:18:26] [%emt 00:03:40]} Qb6 {[%clk 00:14:20] [%emt 00:04:38]} 26.
Bf1 {[%clk 00:09:31] [%emt 00:09:26]} Nxb2 {[%clk 00:10:50] [%emt 00:04:00]} 27.
Rxb2 {[%clk 00:08:59] [%emt 00:01:01]} Rxb2 {[%clk 00:11:17] [%emt 00:00:03]}
28. Bxb2 {[%clk 00:08:44] [%emt 00:00:46]} Qxb2 {[%clk 00:11:45] [%emt
00:00:02]} 29. h5 {[%clk 00:08:52] [%emt 00:00:21]} gxh5 {[%clk 00:05:22] [%emt
00:06:53]} 30. gxh5 {[%clk 00:06:11] [%emt 00:03:11]} h6 {[%clk 00:05:30] [%emt
00:00:22]} 31. Bd3 {[%clk 00:04:06] [%emt 00:02:36]} hxg5 {[%clk 00:04:01] [%emt
00:01:59]} 32. h6 {[%clk 00:04:35] [%emt 00:00:01]} Nf5 {[%clk 00:04:20] [%emt
00:00:11]} 33. Bxf5 {[%clk 00:04:20] [%emt 00:00:45]} exf5 {[%clk 00:04:46]
[%emt 00:00:03]} 34. Qxf5 {[%clk 00:04:41] [%emt 00:00:09]} Bd7 {[%clk 00:01:17]
[%emt 00:03:58]} 35. e6 {[%clk 00:04:59] [%emt 00:00:12]} Bxe6 {[%clk 00:00:48]
[%emt 00:00:59]} 36. Qe5 {[%clk 00:05:27] [%emt 00:00:01]} Bf8 {[%clk 00:00:48]
[%emt 00:00:30]} 37. Nxd5 {[%clk 00:04:13] [%emt 00:01:45]} Bxd5 {[%clk
00:00:40] [%emt 00:00:38]} 38. Qxg5+ {[%clk 00:04:41] [%emt 00:00:02]} Kh8
{[%clk 00:00:35] [%emt 00:00:36]} 39. Qe5+ {[%clk 00:03:23] [%emt 00:01:47]} Kh7
{[%clk 00:00:42] [%emt 00:00:23]} 40. Qf5+ {[%clk 00:03:07] [%emt 00:00:47]}
Kxh6 {[%clk 00:00:41] [%emt 00:00:31]} 41. Qg5+ {[%clk 00:03:11] [%emt
00:00:26]} Kh7 {[%clk 00:46:55] [%emt 00:04:16]} 42. Qf5+ {[%clk 00:53:31] [%emt
00:00:10]} Kg7 {[%clk 00:40:17] [%emt 00:07:07]} 43. Qg5+ {[%clk 00:53:55] [%emt
00:00:06]} Kh8 {[%clk 00:39:40] [%emt 00:01:06]} 44. Qh5+ {[%clk 00:54:13] [%emt
00:00:14]} Kg8 {[%clk 00:38:26] [%emt 00:01:42]} 45. Qg4+ {[%clk 00:54:38] [%emt
00:00:07]} Kh8 {[%clk 00:38:46] [%emt 00:00:10]} 46. Qh5+ {[%clk 00:55:03] [%emt
00:00:06]} Bh6 {[%clk 00:33:48] [%emt 00:05:28]} 47. Qxh6+ {[%clk 00:55:25]
[%emt 00:00:09]} Kg8 {[%clk 00:34:16] [%emt 00:00:03]} 48. Qg5+ {[%clk 00:55:41]
[%emt 00:00:13]} Kf8 {[%clk 00:34:38] [%emt 00:00:08]} 49. Qxd5 {[%clk 00:54:47]
[%emt 00:01:25]} Qxa3 {[%clk 00:30:24] [%emt 00:04:45]} 50. Qh5 {[%clk 00:42:08]
[%emt 00:13:07]} Qe3+ {[%clk 00:25:32] [%emt 00:05:22]} 51. Kh1 {[%clk 00:42:32]
[%emt 00:00:07]} Qe4+ {[%clk 00:25:11] [%emt 00:00:50]} 52. Kg1 {[%clk 00:42:57]
[%emt 00:00:06]} Rc2 {[%clk 00:20:17] [%emt 00:05:24]} 53. Qh8+ {[%clk 00:43:16]
[%emt 00:00:10]} Ke7 {[%clk 00:20:44] [%emt 00:00:03]} 54. Qh4+ {[%clk 00:43:39]
[%emt 00:00:07]} Kd7 {[%clk 00:20:11] [%emt 00:01:03]} 55. Qh3+ {[%clk 00:43:47]
[%emt 00:00:22]} Kd8 {[%clk 00:10:41] [%emt 00:10:00]} 56. d5 {[%clk 00:43:10]
[%emt 00:01:07]} Qg6+ {[%clk 00:04:00] [%emt 00:07:11]} 57. Kh1 {[%clk 00:42:59]
[%emt 00:00:41]} Qe4+ {[%clk 00:03:40] [%emt 00:00:50]} 58. Kg1 {[%clk 00:43:27]
[%emt 00:00:01]} Qg6+ {[%clk 00:03:56] [%emt 00:00:14]} 59. Kh1 {[%clk 00:43:56]
[%emt 00:00:01]} Qf6 {[%clk 00:00:51] [%emt 00:03:35]} 60. Qh7 {[%clk 00:32:21]
[%emt 00:12:06]} Re2 {[%clk 00:00:35] [%emt 00:00:45]} 61. Rc1 {[%clk 00:25:40]
[%emt 00:07:12]} Qxf4 {[%clk 00:07:27] [%emt 00:08:38]} 62. Qh8+ {[%clk
00:40:50] [%emt 00:00:19]} Re8 {[%clk 00:04:49] [%emt 00:03:08]} 63. Rc8+ {[%clk
00:41:14] [%emt 00:00:06]} Kxc8 {[%clk 00:05:17] [%emt 00:00:02]} 64. Qxe8+
{[%clk 00:41:38] [%emt 00:00:06]} Kc7 {[%clk 00:05:43] [%emt 00:00:04]} 65. Qc6+
{[%clk 00:41:43] [%emt 00:00:24]} Kd8 {[%clk 00:06:06] [%emt 00:00:06]} 66. d6
{[%clk 00:42:04] [%emt 00:00:10]} Qf1+ {[%clk 00:06:06] [%emt 00:00:30]} 67. Kh2
{[%clk 00:42:31] [%emt 00:00:03]} Qf2+ {[%clk 00:06:08] [%emt 00:00:28]} 68. Kh1
{[%clk 00:42:45] [%emt 00:00:17]} Qe1+ {[%clk 00:05:33] [%emt 00:01:05]} 69. Kg2
{[%clk 00:42:49] [%emt 00:00:26]} Qa5 {[%clk 00:04:26] [%emt 00:01:37]} 70. Qb7
{[%clk 00:43:11] [%emt 00:00:08]} Qd2+ {[%clk 00:04:11] [%emt 00:00:45]} 71. Kf3
{[%clk 00:43:30] [%emt 00:00:10]} Qd3+ {[%clk 00:03:43] [%emt 00:01:00]} 72. Kf2
{[%clk 00:43:28] [%emt 00:00:32]} Qc2+ {[%clk 00:02:21] [%emt 00:01:50]} 73. Kf1
{[%clk 00:43:48] [%emt 00:00:10]} Qd1+ {[%clk 00:01:42] [%emt 00:01:10]} 74. Kf2
{[%clk 00:44:11] [%emt 00:00:07]} Qd2+ {[%clk 00:01:51] [%emt 00:00:22]} 75. Kf3
{[%clk 00:44:09] [%emt 00:00:31]} Qxd6 {[%clk 00:02:01] [%emt 00:00:21]} 76.
Qa8+ {[%clk 00:44:33] [%emt 00:00:05]} Kd7 {[%clk 00:02:18] [%emt 00:00:13]} 77.
Qxa4+ {[%clk 00:44:58] [%emt 00:00:06]} Qc6+ {[%clk 00:02:46] [%emt 00:00:02]}
78. Qxc6+ {[%clk 00:45:20] [%emt 00:00:08]} Kxc6 {[%clk 00:03:15]} 79. Kf4
{[%clk 00:45:42] [%emt 00:00:07]} f5 {[%clk 00:03:41] [%emt 00:00:04]} 80. Kxf5
{[%clk 00:46:07] [%emt 00:00:05]} 1/2-1/2

[Site "Europe Echecs"]

[Event "Grand Swiss "]
[Date "2025.09.05"]
[White "Yuffa, Daniil"]
[Black "Muradli, Mahammad"]
[WhiteElo "2648"]
[BlackElo "2590"]
[Round "2.2.45"]
[Result "1-0"]

1. c4 {[%clk 01:40:50] [%emt 00:00:09]} c5 {[%clk 01:40:42] [%emt 00:00:13]} 2.
Nf3 {[%clk 01:41:01] [%emt 00:00:24]} Nf6 {[%clk 01:40:51] [%emt 00:00:22]} 3.
Nc3 {[%clk 01:40:40] [%emt 00:00:50]} Nc6 {[%clk 01:40:53] [%emt 00:00:28]} 4.
g3 {[%clk 01:40:13] [%emt 00:00:58]} g6 {[%clk 01:41:11] [%emt 00:00:12]} 5. Bg2
{[%clk 01:40:26] [%emt 00:00:17]} Bg7 {[%clk 01:41:27] [%emt 00:00:14]} 6. O-O
{[%clk 01:40:10] [%emt 00:00:46]} O-O {[%clk 01:40:50] [%emt 00:01:07]} 7. d4
{[%clk 01:40:29] [%emt 00:00:11]} d6 {[%clk 01:41:16] [%emt 00:00:04]} 8. d5
{[%clk 01:39:07] [%emt 00:01:52]} Na5 {[%clk 01:41:39] [%emt 00:00:07]} 9. Nd2
{[%clk 01:35:02] [%emt 00:04:34]} e6 {[%clk 01:42:06] [%emt 00:00:03]} 10. Qc2
{[%clk 01:32:03] [%emt 00:03:30]} exd5 {[%clk 01:36:20] [%emt 00:06:15]} 11.
cxd5 {[%clk 01:31:12] [%emt 00:01:21]} Bd7 {[%clk 01:36:32] [%emt 00:00:18]} 12.
b3 {[%clk 01:26:01] [%emt 00:05:41]} b5 {[%clk 01:32:46] [%emt 00:04:17]} 13.
Bb2 {[%clk 01:26:13] [%emt 00:00:18]} Re8 {[%clk 01:27:33] [%emt 00:05:43]} 14.
Rfe1 {[%clk 01:13:23] [%emt 00:13:20]} Rc8 {[%clk 01:17:22] [%emt 00:10:41]} 15.
Nce4 {[%clk 01:06:05] [%emt 00:07:48]} Bf5 {[%clk 01:05:27] [%emt 00:12:26]} 16.
Nxf6+ {[%clk 00:52:19] [%emt 00:14:16]} Bxf6 {[%clk 01:05:38] [%emt 00:00:19]}
17. e4 {[%clk 00:51:39] [%emt 00:01:10]} Bd7 {[%clk 01:06:06] [%emt 00:00:02]}
18. Bc3 {[%clk 00:41:55] [%emt 00:10:15]} b4 {[%clk 00:56:58] [%emt 00:09:37]}
19. Bxf6 {[%clk 00:39:42] [%emt 00:02:44]} Qxf6 {[%clk 00:57:25] [%emt
00:00:03]} 20. Bf1 {[%clk 00:39:22] [%emt 00:00:50]} h5 {[%clk 00:51:22] [%emt
00:06:33]} 21. Rac1 {[%clk 00:32:02] [%emt 00:07:50]} h4 {[%clk 00:48:54] [%emt
00:02:58]} 22. Qd3 {[%clk 00:30:31] [%emt 00:02:00]} hxg3 {[%clk 00:35:33] [%emt
00:13:52]} 23. hxg3 {[%clk 00:30:40] [%emt 00:00:21]} Rb8 {[%clk 00:35:43] [%emt
00:00:20]} 24. Qa6 {[%clk 00:27:02] [%emt 00:04:08]} Nb7 {[%clk 00:35:11] [%emt
00:01:03]} 25. e5 {[%clk 00:18:40] [%emt 00:08:52]} Qg5 {[%clk 00:29:59] [%emt
00:05:42]} 26. Nf3 {[%clk 00:17:27] [%emt 00:01:43]} Qh5 {[%clk 00:29:13] [%emt
00:01:16]} 27. e6 {[%clk 00:16:39] [%emt 00:01:18]} fxe6 {[%clk 00:24:52] [%emt
00:04:51]} 28. dxe6 {[%clk 00:16:23] [%emt 00:00:47]} Bxe6 {[%clk 00:24:56]
[%emt 00:00:24]} 29. Nh4 {[%clk 00:13:41] [%emt 00:03:12]} Bd5 {[%clk 00:13:59]
[%emt 00:11:28]} 30. Bc4 {[%clk 00:09:13] [%emt 00:04:58]} Bxc4 {[%clk 00:04:37]
[%emt 00:09:53]} 31. bxc4 {[%clk 00:09:37] [%emt 00:00:06]} Rf8 {[%clk 00:03:03]
[%emt 00:02:04]} 32. Qxa7 {[%clk 00:05:57] [%emt 00:04:09]} g5 {[%clk 00:02:17]
[%emt 00:01:15]} 33. Ng2 {[%clk 00:04:20] [%emt 00:02:08]} Qf3 {[%clk 00:01:37]
[%emt 00:01:09]} 34. Rc2 {[%clk 00:03:34] [%emt 00:01:17]} Rbe8 {[%clk 00:00:48]
[%emt 00:01:19]} 35. Rxe8 {[%clk 00:03:33] [%emt 00:00:31]} Rxe8 {[%clk
00:01:17]} 36. Rd2 {[%clk 00:03:37] [%emt 00:00:25]} Qc3 {[%clk 00:00:35] [%emt
00:01:13]} 37. Rd1 {[%clk 00:03:03] [%emt 00:01:05]} Qf3 {[%clk 00:01:03]} 38.
Rd5 {[%clk 00:02:02] [%emt 00:01:31]} Re7 {[%clk 00:00:32] [%emt 00:01:01]} 39.
Rxg5+ {[%clk 00:01:41] [%emt 00:00:51]} Kf7 {[%clk 00:00:33] [%emt 00:00:29]}
40. Qb8 {[%clk 00:01:25] [%emt 00:00:46]} Re8 {[%clk 00:00:35] [%emt 00:00:28]}
41. Qc7+ {[%clk 00:01:18] [%emt 00:00:37]} Re7 {[%clk 00:00:54] [%emt 00:00:11]}
42. Qc8 {[%clk 00:50:07] [%emt 00:01:41]} Kf6 {[%clk 00:46:12] [%emt 00:05:12]}
43. Rg6+ {[%clk 00:47:57] [%emt 00:02:40]} 1-0

[Site "Europe Echecs"]

[Event "Grand Swiss "]
[Date "2025.09.05"]
[White "Aditya Mittal"]
[Black "Kollars, Dmitrij"]
[WhiteElo "2589"]
[BlackElo "2647"]
[Round "2.2.46"]
[Result "1/2-1/2"]

1. c4 {[%clk 01:40:59]} Nf6 {[%clk 01:40:33] [%emt 00:00:27]} 2. Nc3 {[%clk
01:41:27] [%emt 00:00:03]} e6 {[%clk 01:40:57] [%emt 00:00:06]} 3. e4 {[%clk
01:41:55] [%emt 00:00:03]} d5 {[%clk 01:41:15] [%emt 00:00:11]} 4. e5 {[%clk
01:42:23] [%emt 00:00:02]} d4 {[%clk 01:41:30] [%emt 00:00:15]} 5. exf6 {[%clk
01:42:51] [%emt 00:00:02]} dxc3 {[%clk 01:41:47] [%emt 00:00:13]} 6. bxc3 {[%clk
01:43:19] [%emt 00:00:02]} Qxf6 {[%clk 01:42:06] [%emt 00:00:10]} 7. d4 {[%clk
01:43:48] [%emt 00:00:02]} b6 {[%clk 01:41:29] [%emt 00:01:07]} 8. h4 {[%clk
01:44:14] [%emt 00:00:02]} Bb7 {[%clk 01:40:05] [%emt 00:01:55]} 9. Bg5 {[%clk
01:44:42] [%emt 00:00:02]} Qf5 {[%clk 01:40:29] [%emt 00:00:07]} 10. Bd3 {[%clk
01:45:10] [%emt 00:00:02]} Qa5 {[%clk 01:40:50] [%emt 00:00:09]} 11. Kf1 {[%clk
01:45:33] [%emt 00:00:08]} Nd7 {[%clk 01:37:35] [%emt 00:03:44]} 12. Rh3 {[%clk
01:44:58] [%emt 00:01:05]} h6 {[%clk 01:30:51] [%emt 00:07:13]} 13. Bd2 {[%clk
01:44:13] [%emt 00:01:16]} Nf6 {[%clk 01:22:51] [%emt 00:08:30]} 14. Qe2 {[%clk
01:33:34] [%emt 00:11:09]} Qh5 {[%clk 01:03:53] [%emt 00:19:28]} 15. f3 {[%clk
01:27:57] [%emt 00:06:07]} Qa5 {[%emt 00:02:14]} 16. h5 {[%clk 01:27:27] [%emt
00:00:59]} c5 {[%clk 00:52:13] [%emt 00:10:28]} 17. f4 {[%clk 00:53:02] [%emt
00:34:55]} cxd4 {[%clk 00:49:02] [%emt 00:03:41]} 18. cxd4 {[%clk 00:46:14]
[%emt 00:07:18]} Bb4 {[%clk 00:49:22] [%emt 00:00:09]} 19. Bxb4 {[%clk 00:44:08]
[%emt 00:02:36]} Qxb4 {[%clk 00:49:44] [%emt 00:00:08]} 20. Rb1 {[%clk 00:40:31]
[%emt 00:04:08]} Qd6 {[%clk 00:45:55] [%emt 00:04:18]} 21. Qe5 {[%clk 00:40:58]
[%emt 00:00:02]} O-O-O {[%clk 00:37:57] [%emt 00:08:28]} 22. c5 {[%clk 00:33:38]
[%emt 00:07:51]} Qxe5 {[%clk 00:32:45] [%emt 00:05:41]} 23. fxe5 {[%clk
00:32:47] [%emt 00:01:21]} Nd5 {[%clk 00:33:01] [%emt 00:00:14]} 24. cxb6 {[%clk
00:26:05] [%emt 00:07:12]} axb6 {[%clk 00:31:39] [%emt 00:01:52]} 25. Ne2 {[%clk
00:21:51] [%emt 00:04:44]} Kd7 {[%clk 00:28:50] [%emt 00:03:19]} 26. Rg3 {[%clk
00:19:50] [%emt 00:02:31]} Ke7 {[%clk 00:25:35] [%emt 00:03:45]} 27. Rxg7 {[%clk
00:18:10] [%emt 00:02:11]} Ra8 {[%clk 00:17:14] [%emt 00:08:51]} 28. Rb2 {[%clk
00:12:55] [%emt 00:05:45]} Ba6 {[%clk 00:16:42] [%emt 00:01:03]} 29. Bg6 {[%clk
00:08:02] [%emt 00:05:22]} Rhf8 {[%clk 00:17:02] [%emt 00:00:11]} 30. Kg1 {[%clk
00:08:05] [%emt 00:00:26]} Bc4 {[%clk 00:10:52] [%emt 00:06:40]} 31. Ng3 {[%clk
00:07:36] [%emt 00:00:59]} Rxa2 {[%clk 00:09:55] [%emt 00:01:28]} 32. Rxa2
{[%clk 00:08:05] [%emt 00:00:01]} Bxa2 {[%clk 00:10:21] [%emt 00:00:04]} 33. Ne4
{[%clk 00:08:13] [%emt 00:00:22]} Ne3 {[%clk 00:07:14] [%emt 00:03:37]} 34. Nd6
{[%clk 00:07:45] [%emt 00:00:58]} Nf5 {[%clk 00:07:27] [%emt 00:00:16]} 35. Bxf5
{[%clk 00:06:31] [%emt 00:01:45]} exf5 {[%clk 00:07:56]} 36. Nxf5+ {[%clk
00:06:53] [%emt 00:00:08]} Ke6 {[%clk 00:08:12] [%emt 00:00:15]} 37. Nd6 {[%clk
00:02:59] [%emt 00:04:24]} Bb1 {[%clk 00:07:17] [%emt 00:01:25]} 38. Rg3 {[%clk
00:02:52] [%emt 00:00:36]} Bc2 {[%clk 00:06:03] [%emt 00:01:44]} 39. Kf2 {[%clk
00:00:41] [%emt 00:02:42]} f6 {[%clk 00:05:07] [%emt 00:01:26]} 40. Rf3 {[%clk
00:00:36] [%emt 00:00:34]} Bd1 {[%clk 00:02:48] [%emt 00:02:49]} 41. Rf4 {[%clk
00:47:11] [%emt 00:03:55]} Bxh5 {[%clk 00:46:49] [%emt 00:06:28]} 42. Ne4 {[%clk
00:41:23] [%emt 00:06:19]} f5 {[%clk 00:43:07] [%emt 00:04:12]} 43. Nf6 {[%clk
00:41:21] [%emt 00:00:32]} Bd1 {[%clk 00:21:12] [%emt 00:22:25]} 44. Rh4 {[%clk
00:39:24] [%emt 00:02:28]} Rd8 {[%clk 00:20:15] [%emt 00:01:26]} 45. Ke3 {[%clk
00:38:09] [%emt 00:01:45]} b5 {[%clk 00:20:09] [%emt 00:00:37]} 46. Rxh6 {[%clk
00:31:35] [%emt 00:07:04]} f4+ {[%clk 00:20:21] [%emt 00:00:18]} 47. Kd3 {[%clk
00:31:02] [%emt 00:01:02]} Kf5 {[%clk 00:20:33] [%emt 00:00:18]} 48. Rh1 {[%clk
00:17:34] [%emt 00:13:58]} Bb3 {[%clk 00:19:55] [%emt 00:01:07]} 49. Rb1 {[%clk
00:16:15] [%emt 00:01:49]} Bc4+ {[%clk 00:19:00] [%emt 00:01:25]} 50. Kc3 {[%clk
00:16:44] [%emt 00:00:01]} Rc8 {[%clk 00:17:43] [%emt 00:01:47]} 51. Kb4 {[%clk
00:13:54] [%emt 00:03:20]} Bd3 {[%clk 00:13:43] [%emt 00:04:30]} 52. Rd1 {[%clk
00:14:16] [%emt 00:00:08]} Rc4+ {[%clk 00:12:37] [%emt 00:01:37]} 53. Kxb5
{[%clk 00:14:39] [%emt 00:00:07]} Rxd4+ {[%clk 00:12:03] [%emt 00:01:04]} 54.
Kc5 {[%clk 00:15:08] [%emt 00:00:01]} Rd8 {[%clk 00:12:15] [%emt 00:00:17]} 55.
Nd5 {[%clk 00:12:43] [%emt 00:02:55]} Kxe5 {[%clk 00:10:54] [%emt 00:01:51]} 56.
Rxd3 {[%clk 00:12:42] [%emt 00:00:31]} Rc8+ {[%clk 00:11:10] [%emt 00:00:14]}
57. Kb4 {[%clk 00:12:45] [%emt 00:00:27]} Rc2 {[%clk 00:11:13] [%emt 00:00:27]}
58. Nc3 {[%clk 00:12:22] [%emt 00:00:53]} Rxg2 {[%clk 00:11:28] [%emt 00:00:14]}
59. Kc4 {[%clk 00:10:29] [%emt 00:02:23]} Rg3 {[%clk 00:09:52] [%emt 00:02:01]}
60. Rd5+ {[%clk 00:10:28] [%emt 00:00:36]} Ke6 {[%clk 00:10:17] [%emt 00:00:05]}
61. Ne2 {[%clk 00:09:31] [%emt 00:01:27]} Ra3 {[%clk 00:08:48] [%emt 00:01:59]}
62. Nd4+ {[%clk 00:09:33] [%emt 00:00:29]} Kf6 {[%clk 00:07:48] [%emt 00:01:30]}
63. Rf5+ {[%clk 00:10:02] [%emt 00:00:02]} Kg6 {[%clk 00:07:57] [%emt 00:00:20]}
64. Rxf4 {[%clk 00:10:30] [%emt 00:00:03]} Ra1 {[%clk 00:07:38] [%emt 00:00:49]}
65. Kd5 {[%clk 00:10:50] [%emt 00:00:10]} Ra5+ {[%clk 00:07:33] [%emt 00:00:34]}
66. Ke4 {[%clk 00:11:11] [%emt 00:00:10]} Ra4 {[%clk 00:07:11] [%emt 00:00:52]}
67. Rf1 {[%clk 00:09:32] [%emt 00:02:09]} Kg5 {[%clk 00:06:19] [%emt 00:01:21]}
68. Rc1 {[%clk 00:09:44] [%emt 00:00:20]} Kf6 {[%clk 00:06:04] [%emt 00:00:43]}
69. Rc5 {[%clk 00:10:02] [%emt 00:00:13]} Ra1 {[%clk 00:05:07] [%emt 00:01:27]}
70. Rc6+ {[%clk 00:10:18] [%emt 00:00:14]} Ke7 {[%clk 00:05:05] [%emt 00:00:30]}
71. Nf3 {[%clk 00:10:04] [%emt 00:00:46]} Rb1 {[%clk 00:04:40] [%emt 00:00:55]}
72. Ra6 {[%clk 00:10:06] [%emt 00:00:28]} Kd7 {[%clk 00:04:03] [%emt 00:01:07]}
73. Ne5+ {[%clk 00:09:05] [%emt 00:01:32]} Ke7 {[%clk 00:04:01] [%emt 00:00:31]}
74. Nd3 {[%clk 00:09:09] [%emt 00:00:26]} Rh1 {[%clk 00:03:51] [%emt 00:00:39]}
75. Rb6 {[%clk 00:08:12] [%emt 00:01:29]} Rd1 {[%clk 00:03:37] [%emt 00:00:43]}
76. Nc5 {[%clk 00:08:30] [%emt 00:00:12]} Re1+ {[%clk 00:03:38] [%emt 00:00:29]}
77. Kf5 {[%clk 00:08:33] [%emt 00:00:27]} Rf1+ {[%clk 00:03:48] [%emt 00:00:20]}
78. Ke5 {[%clk 00:09:01] [%emt 00:00:03]} Re1+ {[%clk 00:04:12] [%emt 00:00:05]}
79. Ne4 {[%clk 00:09:28] [%emt 00:00:03]} Kd7 {[%clk 00:04:27] [%emt 00:00:15]}
80. Rb2 {[%clk 00:09:13] [%emt 00:00:46]} Kc6 {[%clk 00:04:32] [%emt 00:00:24]}
81. Rd2 {[%clk 00:09:30] [%emt 00:00:13]} Rh1 {[%clk 00:04:22] [%emt 00:00:39]}
82. Rc2+ {[%clk 00:09:49] [%emt 00:00:13]} Kb6 {[%clk 00:04:14] [%emt 00:00:36]}
83. Ng3 {[%clk 00:09:42] [%emt 00:00:38]} Rh3 {[%clk 00:04:06] [%emt 00:00:39]}
84. Rc3 {[%clk 00:09:39] [%emt 00:00:33]} Rh2 {[%clk 00:04:13] [%emt 00:00:22]}
85. Nf5 {[%clk 00:09:58] [%emt 00:00:11]} Rh5 {[%clk 00:04:32] [%emt 00:00:10]}
86. Ke4 {[%clk 00:10:16] [%emt 00:00:13]} Rh1 {[%clk 00:04:40] [%emt 00:00:20]}
87. Rc2 {[%clk 00:10:02] [%emt 00:00:46]} Rh3 {[%clk 00:04:26] [%emt 00:00:44]}
88. Kd5 {[%clk 00:09:54] [%emt 00:00:38]} Rh5 {[%clk 00:04:41] [%emt 00:00:14]}
89. Rb2+ {[%clk 00:10:21] [%emt 00:00:05]} Kc7 {[%clk 00:04:56] [%emt 00:00:15]}
90. Ke6 {[%clk 00:10:36] [%emt 00:00:15]} Rh1 {[%clk 00:04:59] [%emt 00:00:27]}
91. Rc2+ {[%clk 00:10:55] [%emt 00:00:11]} Kb6 {[%clk 00:05:24] [%emt 00:00:05]}
92. Rc4 {[%clk 00:11:18] [%emt 00:00:08]} Rg1 {[%clk 00:04:34] [%emt 00:01:17]}
93. Nd4 {[%clk 00:11:03] [%emt 00:00:48]} Rg6 {[%clk 00:04:27] [%emt 00:00:35]}
94. Kd5 {[%clk 00:11:29] [%emt 00:00:06]} Rg5+ {[%clk 00:04:40] [%emt 00:00:15]}
95. Kd6 {[%clk 00:11:57] [%emt 00:00:03]} Rg6 {[%clk 00:04:53] [%emt 00:00:18]}
96. Ne6 {[%clk 00:12:25] [%emt 00:00:02]} Rh6 {[%clk 00:04:05] [%emt 00:01:15]}
97. Rb4+ {[%clk 00:12:45] [%emt 00:00:14]} Ka5 {[%clk 00:04:27] [%emt 00:00:07]}
98. Rb8 {[%clk 00:12:34] [%emt 00:00:42]} Ka4 {[%clk 00:04:23] [%emt 00:00:34]}
99. Kd5 {[%clk 00:12:57] [%emt 00:00:06]} Rh5+ {[%clk 00:03:56] [%emt 00:00:56]}
100. Kc4 {[%clk 00:13:25] [%emt 00:00:03]} Rh4 {[%clk 00:04:18] [%emt 00:00:07]}
101. Nd4 {[%clk 00:13:53] [%emt 00:00:03]} Ka5 {[%clk 00:04:36] [%emt 00:00:12]}
102. Rb1 {[%clk 00:13:31] [%emt 00:00:52]} Ka6 {[%clk 00:04:40] [%emt 00:00:27]}
103. Kc5 {[%clk 00:13:50] [%emt 00:00:11]} Rh5+ {[%clk 00:04:42] [%emt
00:00:25]} 104. Kd6 {[%clk 00:14:15] [%emt 00:00:07]} Rh6 {[%clk 00:04:47] [%emt
00:00:25]} 105. Ne6 {[%clk 00:14:43] [%emt 00:00:01]} Ka5 {[%clk 00:04:52] [%emt
00:00:26]} 106. Kc5 {[%clk 00:15:00] [%emt 00:00:14]} Rh5 {[%clk 00:05:09] [%emt
00:00:12]} 107. Kc4 {[%clk 00:15:23] [%emt 00:00:08]} Rh4+ {[%clk 00:05:27]
[%emt 00:00:11]} 108. Nd4 {[%clk 00:15:51] [%emt 00:00:02]} Ka6 {[%clk 00:05:41]
[%emt 00:00:15]} 109. Re1 {[%clk 00:16:13] [%emt 00:00:09]} Kb6 {[%clk 00:05:46]
[%emt 00:00:25]} 110. Kd5 {[%clk 00:16:41] [%emt 00:00:02]} Rh5+ {[%clk
00:06:06] [%emt 00:00:10]} 111. Re5 {[%clk 00:17:08] [%emt 00:00:04]} Rxe5+
{[%clk 00:06:32] [%emt 00:00:04]} 112. Kxe5 {[%clk 00:17:35] [%emt 00:00:03]}
1/2-1/2

[Site "Europe Echecs"]